000 01744 a2200181 4500
999 _c26808
_d26808
020 _a9781107546103
082 _a340.1
_bGOO-L
100 _aGoodrich, Peter
245 _aLegal Emblems and the Art of Law
_b: Obiter Depicta as the Vision of Governance
260 _bCambridge University Press
_c2015
300 _a307. pp.
520 _aThe history of the legal emblem has not been written. A seemingly fortuitous invention of the humanist lawyer Andrea Alciato in 1531, the emblem book is an extraordinary pictorial turn in the early history of publishing and in the emergence of modern law. The preponderance of juridical and normative themes, of images of rule and infraction, of obedience and error in the emblem books is critical to their purpose and interest. It is no accident that the history of this highly successful scholarly genre is dominated in authorship and content by lawyers. This book is the history of the emblem tradition as a juridical genre, along with the concept of, and training in obiter depicta, in things seen along the way to judgment. It argues that these picture books of law depict norms and abuses in classically derived forms that become the visual standards of governance. Despite the plethora of vivid figures and virtual symbols that define and transmit law, contemporary lawyers are not trained in the critical apprehension of the visible. This book is the first to reconstruct the history of the emblem tradition so as to evidence the extent to which a gallery of images of law already exists and structures how the public realm is displayed, made present, and viewed.
650 _aSymbolism in law
650 _aLaw and art
650 _aEmblem books
650 _aEmblems
942 _2ddc
_cBK